000 00393nam a22001577a 4500
999 _c7474
_d7472
005 20210225112201.0
008 210225b ||||| |||| 00| 0 eng d
020 _a978-011-3230-839
041 _aeng
082 _a615.11
245 _aBRITISH PHARMACOPOEIA [2021] [VOL-IV]
260 _aLONDON
_bTHE STATIONARY OFFICE
_c2020
300 _aIV-911,p
650 _aPHARMACY
_96396
942 _cBK